[Event "Prague Summer op-B 7th"]
[Site "Prague"]
[Date "2020.08.13"]
[Round "7"]
[White "Karlsson, Peter1111"]
[Black "Klimek, Petr"]
[Result "1/2-1/2"]
[WhiteElo "1759"]
[BlackElo "1833"]
[PlyCount "45"]
[EventDate "2020.08.08"]
[EventType "swiss"]
[EventRounds "9"]
[EventCountry "CZE"]
[SourceTitle "EXT 2021"]
[Source "ChessBase"]
[SourceDate "2020.10.23"]
[SourceVersion "1"]
[SourceVersionDate "2020.10.23"]
[SourceQuality "1"]

1. e4 e6 2. d4 d5 3. Nc3 Nf6 4. exd5 exd5 5. Bd3 Bd6 6. Nge2 0-0 7. h3 c5 8. dxc5 Bxc5 9. 0-0 h6 10. Ng3 Nc6 11. Nce2 Ne5 12. c3 Be6 13. Nd4 Bxd4 14. cxd4 Nxd3 15. Qxd3 Qd6 16. Be3 Rac8 17. Rac1 Bd7 18. a3 a6 19. Rfe1 Rxc1 20. Rxc1 Rc8 21. Rxc8+ Bxc8 22. Qc2 Qc6 23. Qc5 1/2-1/2

[Event "Prague Summer op-B 7th"]
[Site "Prague"]
[Date "2020.08.11"]
[Round "5"]
[White "Karlsson, Henrik"]
[Black "Klimek, Petr"]
[Result "1/2-1/2"]
[WhiteElo "1687"]
[BlackElo "1833"]
[PlyCount "52"]
[EventDate "2020.08.08"]
[EventType "swiss"]
[EventRounds "9"]
[EventCountry "CZE"]
[SourceTitle "EXT 2021"]
[Source "ChessBase"]
[SourceDate "2020.10.23"]
[SourceVersion "1"]
[SourceVersionDate "2020.10.23"]
[SourceQuality "1"]

1. e4 e5 2. Nf3 Nc6 3. d4 exd4 4. Nxd4 Nf6 5. Nc3 Bb4 6. Nxc6 bxc6 7. Bd3 d5 8. exd5 cxd5 9. Qe2+ Qe7 10. Qxe7+ Bxe7 11. Bb5+ Bd7 12. Bxd7+ Kxd7 13. 0-0 Rab8 14. Rb1 Bb4 15. Ne2 Rhe8 16. Ng3 Ne4 17. Be3 Nxg3 18. hxg3 c6 19. a3 Bd6 20. Bxa7 Rb7 21. Be3 f6 22. b4 Bxg3 23. fxg3 Rxe3 24. Rf3 Re2 25. Rf2 Re3 26. Rf3 Re2 1/2-1/2

[Event "Prague Summer op-B 7th"]
[Site "Prague"]
[Date "2020.08.09"]
[Round "3"]
[White "Suliga, Eckhard"]
[Black "Klimek, Petr"]
[Result "1/2-1/2"]
[WhiteElo "1622"]
[BlackElo "1833"]
[PlyCount "55"]
[EventDate "2020.08.08"]
[EventType "swiss"]
[EventRounds "9"]
[EventCountry "CZE"]
[SourceTitle "EXT 2021"]
[Source "ChessBase"]
[SourceDate "2020.10.23"]
[SourceVersion "1"]
[SourceVersionDate "2020.10.23"]
[SourceQuality "1"]

1. e4 e6 2. d4 d5 3. Nc3 Nf6 4. Bg5 Be7 5. e5 Nfd7 6. Bxe7 Qxe7 7. f4 a6 8. Nf3 c5 9. dxc5 Nxc5 10. Bd3 Nc6 11. Ne2 b5 12. a3 Bb7 13. Qd2 Qc7 14. 0-0 0-0 15. Ned4 Rae8 16. Qf2 Nxd4 17. Qxd4 f6 18. exf6 Rxf6 19. g3 Nd7 20. Rac1 e5 21. fxe5 Nxe5 22. Nxe5 Rxf1+ 23. Rxf1 Qxe5 24. Qxe5 Rxe5 25. Kf2 Kf7 26. Re1 Rxe1 27. Kxe1 h6 28. Kd2 1/2-1/2

[Event "Prague Summer op-B 6th"]
[Site "Prague"]
[Date "2019.08.07"]
[Round "7"]
[White "Klimek, Petr"]
[Black "Lang, Anders"]
[Result "1/2-1/2"]
[WhiteElo "1852"]
[BlackElo "1790"]
[PlyCount "80"]
[EventDate "2019.08.02"]
[EventType "swiss"]
[EventRounds "9"]
[EventCountry "CZE"]
[SourceTitle "EXT 2020"]
[Source "ChessBase"]
[SourceDate "2019.10.17"]
[SourceVersion "1"]
[SourceVersionDate "2019.10.17"]
[SourceQuality "1"]

1. e4 e5 2. Nf3 Nc6 3. Bc4 Bc5 4. b4 Bxb4 5. c3 Bc5 6. d4 exd4 7. Qb3 Qe7 8. 0-0 Na5 9. Qa4 Nxc4 10. Qxc4 d6 11. cxd4 Bb6 12. e5 Be6 13. d5 Bf5 14. exd6 Qxd6 15. Re1+ Kd8 16. Ba3 Qf6 17. Nc3 h5 18. d6 c6 19. Rad1 Be6 20. Qd3 Nh6 21. d7 Ng4 22. Ne4 Qf5 23. Qd6 Bxd7 24. Ng3 Bxf2+ 25. Kh1 Bxg3 26. Qe7+ Kc7 27. Nd4 Nf2+ 28. Kg1 Nh3+ 29. Kh1 Nf2+ 30. Kg1 Bxh2+ 31. Kxh2 Qf4+ 32. Kg1 Nxd1 33. Rxd1 Rae8 34. Ne6+ fxe6 35. Rxd7+ Kc8 36. Qxg7 Qe3+ 37. Kh1 Qe1+ 38. Kh2 Qh4+ 39. Kg1 Qe1+ 40. Kh2 Qh4+ 1/2-1/2

[Event "Prague Summer op-B 6th"]
[Site "Prague"]
[Date "2019.08.04"]
[Round "4"]
[White "Vora, Yash"]
[Black "Klimek, Petr"]
[Result "1/2-1/2"]
[WhiteElo "1731"]
[BlackElo "1852"]
[PlyCount "55"]
[EventDate "2019.08.02"]
[EventType "swiss"]
[EventRounds "9"]
[EventCountry "CZE"]
[SourceTitle "EXT 2020"]
[Source "ChessBase"]
[SourceDate "2019.10.17"]
[SourceVersion "1"]
[SourceVersionDate "2019.10.17"]
[SourceQuality "1"]

1. e4 e6 2. d4 d5 3. e5 c5 4. c3 Qb6 5. Nf3 Bd7 6. a3 Nc6 7. b4 cxd4 8. cxd4 f6 9. Bd3 f5 10. Bb2 Nge7 11. 0-0 g6 12. Nbd2 Bg7 13. Nb3 h6 14. Nfd2 0-0 15. Nc5 Qc7 16. f4 b6 17. Ncb3 a6 18. Kh1 Nd8 19. Rc1 Qb7 20. Qe2 Nf7 21. Rc2 g5 22. g3 g4 23. Rfc1 Rfc8 24. Rxc8+ Bxc8 25. Nf1 h5 26. Qc2 Ra7 27. Ne3 Bd7 28. Nd2 1/2-1/2

[Event "Teplice op 8th"]
[Site "Teplice"]
[Date "2013.06.22"]
[Round "8"]
[White "Krutsky, Martin"]
[Black "Klimek, Petr"]
[Result "1/2-1/2"]
[WhiteElo "1736"]
[BlackElo "1862"]
[PlyCount "61"]
[EventDate "2013.06.15"]
[EventType "swiss"]
[EventRounds "9"]
[EventCountry "CZE"]
[SourceTitle "CBM 155 Extra"]
[Source "ChessBase"]
[SourceDate "2013.08.26"]
[SourceVersion "1"]
[SourceVersionDate "2013.08.26"]
[SourceQuality "1"]

1. e4 e6 2. d4 d5 3. Nd2 c5 4. exd5 Qxd5 5. dxc5 Bxc5 6. Ngf3 Nf6 7. Bc4 Qh5 8. c3 0-0 9. 0-0 b6 10. Qc2 Bb7 11. h3 Nc6 12. Re1 Rfd8 13. Nf1 Qg6 14. Qxg6 hxg6 15. Bg5 Rac8 16. Ng3 Be7 17. Be2 Kf8 18. Rad1 Rxd1 19. Rxd1 Rd8 20. Kf1 Rxd1+ 21. Bxd1 Bd6 22. Bc2 Nd5 23. Ne4 Ba6+ 24. Ke1 Bb8 25. g3 f6 26. Bc1 Kf7 27. Ned2 Bb7 28. a3 Nce7 29. c4 Nc7 30. Ne4 Ne8 31. h4 1/2-1/2

[Event "Prague op-B 12th"]
[Site "Prague"]
[Date "2013.??.??"]
[Round "6"]
[White "Klimek, Petr"]
[Black "Istel, Oldrich"]
[Result "1/2-1/2"]
[WhiteElo "1881"]
[BlackElo "1781"]
[PlyCount "57"]
[EventDate "2013.01.09"]
[EventType "swiss"]
[EventRounds "9"]
[EventCountry "CZE"]
[SourceTitle "CBM 152 Extra"]
[Source "ChessBase"]
[SourceDate "2013.02.25"]
[SourceVersion "1"]
[SourceVersionDate "2013.02.25"]
[SourceQuality "1"]

1. e4 c6 2. c4 d5 3. cxd5 cxd5 4. exd5 Qxd5 5. Nc3 Qe5+ 6. Be2 Nf6 7. Nf3 Qc7 8. d4 e6 9. Bg5 Be7 10. 0-0 0-0 11. Rc1 Nc6 12. Bd3 Qd7 13. Bb1 b6 14. Qd3 g6 15. a3 Rd8 16. Rfd1 Nd5 17. Nxd5 Bxg5 18. Nxg5 Qxd5 19. Nf3 Bb7 20. Qe4 Qb3 21. Qc2 Qd5 22. Qc4 Qd6 23. h4 Rac8 24. Qd3 Qf4 25. Qe3 Qf6 26. h5 Ne7 27. hxg6 hxg6 28. Rxc8 Rxc8 29. Qe5 1/2-1/2

[Event "Prague op-B 12th"]
[Site "Prague"]
[Date "2013.??.??"]
[Round "5"]
[White "Klimek, Petr"]
[Black "Jablon, Stephen Eric"]
[Result "1/2-1/2"]
[WhiteElo "1881"]
[BlackElo "1931"]
[PlyCount "119"]
[EventDate "2013.01.09"]
[EventType "swiss"]
[EventRounds "9"]
[EventCountry "CZE"]
[SourceTitle "CBM 152 Extra"]
[Source "ChessBase"]
[SourceDate "2013.02.25"]
[SourceVersion "1"]
[SourceVersionDate "2013.02.25"]
[SourceQuality "1"]

1. e4 c6 2. c4 d5 3. cxd5 cxd5 4. exd5 Nf6 5. d4 Nxd5 6. Nc3 e6 7. Nf3 Bb4 8. Bd2 0-0 9. Bd3 Nc6 10. 0-0 Nce7 11. Rc1 Bd7 12. Ne5 Rc8 13. Qh5 Nf6 14. Qh4 Ng6 15. Qg3 Bc6 16. Nxg6 hxg6 17. Be3 Bd6 18. Qh4 Nd5 19. Qxd8 Rfxd8 20. Nxd5 Bxd5 21. a3 Kf8 22. f3 Be7 23. Rxc8 Rxc8 24. Rc1 Rxc1+ 25. Bxc1 Bd8 26. Kf2 Bb6 27. Be3 f5 28. Ke2 Kf7 29. h4 Bd8 30. g3 Bc7 31. f4 Ke7 32. Kd2 Kd6 33. Kc3 Kc6 34. b4 a6 35. a4 a5 36. b5+ Kd7 37. Bf2 Bd6 38. Bc2 Bb4+ 39. Kb2 Kd6 40. Bd3 Bf3 41. Bc2 Bd2 42. Bb3 Be4 43. Bc4 Bb4 44. Bb3 Bd5 45. Bd1 Be4 46. Bb3 Bd3 47. Ba2 Be2 48. Bb3 Bd3 49. Ba2 Bf1 50. Bb3 Be2 51. Kc1 Ba3+ 52. Kd2 Bf3 53. Kd3 Bd5 54. Bd1 Ba2 55. Be1 Bb4 56. Bxb4+ axb4 57. a5 Bd5 58. Be2 Bb3 59. Bf3 Kc7 60. Bg2 1/2-1/2

[Event "Prague op-B 12th"]
[Site "Prague"]
[Date "2013.??.??"]
[Round "3"]
[White "Von Keyserlingk, Chanda"]
[Black "Klimek, Petr"]
[Result "0-1"]
[WhiteElo "1753"]
[BlackElo "1881"]
[PlyCount "82"]
[EventDate "2013.01.09"]
[EventType "swiss"]
[EventRounds "9"]
[EventCountry "CZE"]
[SourceTitle "CBM 152 Extra"]
[Source "ChessBase"]
[SourceDate "2013.02.25"]
[SourceVersion "1"]
[SourceVersionDate "2013.02.25"]
[SourceQuality "1"]

1. d4 d5 2. c4 e6 3. Nc3 Nf6 4. cxd5 exd5 5. Bg5 c6 6. Qc2 Be7 7. e3 0-0 8. Bd3 Nbd7 9. Nge2 Re8 10. 0-0 Nf8 11. Rad1 Ng6 12. f3 Qa5 13. Bxf6 Bxf6 14. e4 dxe4 15. fxe4 c5 16. Bc4 cxd4 17. Nxd4 Bg4 18. Be2 Bxe2 19. Ndxe2 Ne5 20. Rd5 Qb6+ 21. Kh1 Ng4 22. Nd1 Rac8 23. Qd3 Qc7 24. Rf4 Ne5 25. Qh3 Ng6 26. Rxf6 gxf6 27. Ndc3 Rcd8 28. Qh6 Rxd5 29. Nxd5 Qd6 30. Ng3 Qxd5 31. Qc1 Rxe4 32. h3 Re7 33. Qf1 Nh4 34. Kh2 Qxg2+ 35. Qxg2 Nxg2 36. Kxg2 Rc7 37. Kf3 Rc2 38. Ne4 Rxb2 39. Nxf6+ Kg7 40. Ne8+ Kg6 41. Nd6 b6 0-1

[Event "Teplice op 7th"]
[Site "Teplice"]
[Date "2012.06.22"]
[Round "7"]
[White "Horak, Jiri"]
[Black "Klimek, Petr"]
[Result "1-0"]
[WhiteElo "2185"]
[BlackElo "1894"]
[PlyCount "67"]
[EventDate "2012.06.16"]
[EventType "swiss"]
[EventRounds "9"]
[EventCountry "CZE"]
[SourceTitle "CBM 149 Extra"]
[Source "ChessBase"]
[SourceDate "2012.08.24"]
[SourceVersion "1"]
[SourceVersionDate "2012.08.24"]
[SourceQuality "1"]

1. d4 Nf6 2. c4 e6 3. Nf3 b6 4. g3 Bb7 5. Bg2 Be7 6. 0-0 0-0 7. Nc3 Ne4 8. Qc2 f5 9. Ne5 d5 10. cxd5 exd5 11. f3 Nd6 12. Qb3 Nf7 13. f4 c6 14. Bd2 Nd7 15. Rac1 Nf6 16. Na4 Nxe5 17. fxe5 Ne4 18. Bb4 Bxb4 19. Qxb4 Qg5 20. Rf4 Rae8 21. Rcf1 g6 22. Bxe4 dxe4 23. Nc3 Qe7 24. Qxe7 Rxe7 25. Nxe4 c5 26. Nf6+ Kg7 27. e3 Rd8 28. h4 h6 29. g4 g5 30. hxg5 hxg5 31. Rxf5 cxd4 32. Nh5+ Kg6 33. Rf6+ Kh7 34. Rd6 1-0

[Event "Teplice op 7th"]
[Site "Teplice"]
[Date "2012.06.18"]
[Round "3"]
[White "Zahour, Ivan"]
[Black "Klimek, Petr"]
[Result "1-0"]
[WhiteElo "2068"]
[BlackElo "1894"]
[PlyCount "59"]
[EventDate "2012.06.16"]
[EventType "swiss"]
[EventRounds "9"]
[EventCountry "CZE"]
[SourceTitle "CBM 149 Extra"]
[Source "ChessBase"]
[SourceDate "2012.08.24"]
[SourceVersion "1"]
[SourceVersionDate "2012.08.24"]
[SourceQuality "1"]

1. c4 g6 2. Nc3 Bg7 3. g3 f5 4. Bg2 Nf6 5. d3 0-0 6. e4 e6 7. Nge2 c6 8. 0-0 d5 9. cxd5 cxd5 10. exd5 e5 11. d4 e4 12. Qb3 Nbd7 13. Nf4 Nb6 14. a4 a5 15. Ne6 Bxe6 16. dxe6 Qxd4 17. e7+ Rf7 18. Rd1 Qb4 19. Rd8+ Ne8 20. Qxb4 axb4 21. Nd5 Nxd5 22. Rxa8 Rxe7 23. Bg5 Re6 24. Rd1 Ndc7 25. Rb8 Bxb2 26. Rxb7 Na6 27. Bf1 Kf8 28. Bc4 Nd6 29. Rxd6 Rxd6 30. Be7+ 1-0

[Event "CZE-chT2B 1112"]
[Site "Czech Republic"]
[Date "2012.01.08"]
[Round "5.8"]
[White "Majstr, Jiri"]
[Black "Klimek, Petr"]
[Result "1/2-1/2"]
[WhiteElo "1896"]
[BlackElo "1939"]
[PlyCount "46"]
[EventDate "2011.10.09"]
[EventType "team-tourn"]
[EventRounds "11"]
[EventCountry "CZE"]
[SourceTitle "EXT 2013"]
[Source "ChessBase"]
[SourceDate "2012.11.22"]
[SourceVersion "1"]
[SourceVersionDate "2012.11.22"]
[SourceQuality "1"]
[WhiteTeam "Novoborsky"]
[BlackTeam "Sokolov"]
[WhiteTeamCountry "CZE"]
[BlackTeamCountry "CZE"]

1. d4 Nf6 2. c4 e5 3. Bg5 exd4 4. Qxd4 Be7 5. Nf3 Nc6 6. Qd1 d5 7. e3 Be6 8. Nbd2 0-0 9. Be2 d4 10. exd4 Nxd4 11. 0-0 Nxe2+ 12. Qxe2 c6 13. b3 Qa5 14. Ne4 Qe5 15. Bxf6 Bxf6 16. Nxf6+ Qxf6 17. Qe5 Qxe5 18. Nxe5 Rfe8 19. Rfe1 f6 20. Nd3 Rad8 21. Nc5 Bc8 22. Rxe8+ Rxe8 23. Kf1 b6 1/2-1/2

[Event "CZE-chT2B 1112"]
[Site "Czech Republic"]
[Date "2011.11.20"]
[Round "3.8"]
[White "Reitinger, Petr"]
[Black "Klimek, Petr"]
[Result "1-0"]
[WhiteElo "2093"]
[BlackElo "1939"]
[PlyCount "63"]
[EventDate "2011.10.09"]
[EventType "team-tourn"]
[EventRounds "11"]
[EventCountry "CZE"]
[SourceTitle "EXT 2013"]
[Source "ChessBase"]
[SourceDate "2012.11.22"]
[SourceVersion "1"]
[SourceVersionDate "2012.11.22"]
[SourceQuality "1"]
[WhiteTeam "Decin"]
[BlackTeam "Sokolov"]
[WhiteTeamCountry "CZE"]
[BlackTeamCountry "CZE"]

1. e4 c5 2. Nf3 e6 3. d4 cxd4 4. Nxd4 a6 5. Nc3 Nc6 6. Be3 Qc7 7. Be2 Nf6 8. 0-0 b5 9. Nxc6 dxc6 10. Qd3 Be7 11. f4 0-0 12. Bf3 Rd8 13. Qe2 Bb7 14. g4 b4 15. g5 bxc3 16. gxf6 Bxf6 17. e5 Be7 18. bxc3 c5 19. Rab1 Bxf3 20. Qxf3 Rab8 21. c4 f6 22. exf6 Bxf6 23. Qe4 Qe7 24. Rb3 Rxb3 25. cxb3 Bd4 26. Re1 Bxe3+ 27. Qxe3 Kf7 28. f5 Re8 29. fxe6+ Qxe6 30. Qf3+ Qf6 31. Qd5+ Re6 32. Rf1 1-0

[Event "CZE-chT2B 1112"]
[Site "Czech Republic"]
[Date "2011.11.06"]
[Round "2.8"]
[White "Klimek, Petr"]
[Black "Horinek, Karel"]
[Result "1/2-1/2"]
[WhiteElo "1939"]
[BlackElo "2063"]
[PlyCount "78"]
[EventDate "2011.10.09"]
[EventType "team-tourn"]
[EventRounds "11"]
[EventCountry "CZE"]
[SourceTitle "EXT 2013"]
[Source "ChessBase"]
[SourceDate "2012.11.22"]
[SourceVersion "1"]
[SourceVersionDate "2012.11.22"]
[SourceQuality "1"]
[WhiteTeam "Sokolov"]
[BlackTeam "Neratovice"]
[WhiteTeamCountry "CZE"]
[BlackTeamCountry "CZE"]

1. e4 Nf6 2. d3 e5 3. f4 Nc6 4. fxe5 Nxe5 5. Nf3 d6 6. Be2 Be7 7. 0-0 0-0 8. Nc3 c6 9. Nxe5 dxe5 10. Be3 Qc7 11. h3 Be6 12. Qe1 b5 13. a3 a5 14. Qg3 Ne8 15. Bg4 Bxg4 16. Qxg4 Qc8 17. Qg3 Qe6 18. a4 b4 19. Ne2 c5 20. b3 Ra6 21. Qf2 Rc6 22. g4 h5 23. Qf5 hxg4 24. hxg4 Nc7 25. Ng3 g6 26. Qf3 Kg7 27. Kg2 Rh8 28. Rh1 Qf6 29. Qxf6+ Bxf6 30. Rxh8 Kxh8 31. Rf1 Kg7 32. Rf2 Ne6 33. Nf1 Bh4 34. Re2 Rc8 35. Nd2 Bd8 36. Nc4 Bc7 37. Re1 Kf6 38. Rh1 Nf4+ 39. Kf3 Ne6 1/2-1/2

[Event "Karlovy Vary op"]
[Site "Karlovy Vary"]
[Date "2011.05.03"]
[Round "8"]
[White "Maglia, Pavel"]
[Black "Klimek, Petr"]
[Result "1/2-1/2"]
[WhiteElo "2069"]
[BlackElo "1947"]
[PlyCount "41"]
[EventDate "2011.04.28"]
[EventType "swiss"]
[EventRounds "8"]
[EventCountry "CZE"]
[SourceTitle "CBM 142 Extra"]
[Source "ChessBase"]
[SourceDate "2011.06.27"]
[SourceVersion "1"]
[SourceVersionDate "2011.06.27"]
[SourceQuality "1"]

1. e4 e5 2. Nf3 Nc6 3. Bb5 a6 4. Ba4 b5 5. Bb3 Nf6 6. d3 Be7 7. 0-0 0-0 8. Re1 d6 9. c3 Nb8 10. a4 Bb7 11. Bg5 Nbd7 12. axb5 axb5 13. Na3 c6 14. h3 Nc5 15. Ba2 Ne6 16. Be3 Qc7 17. Bxe6 fxe6 18. Ng5 Qd7 19. Qb3 d5 20. Nc2 h6 21. Nf3 1/2-1/2

[Event "Karlovy Vary op"]
[Site "Karlovy Vary"]
[Date "2011.05.02"]
[Round "7"]
[White "Klimek, Petr"]
[Black "Hlavac, Rudolf"]
[Result "1/2-1/2"]
[WhiteElo "1947"]
[BlackElo "2079"]
[PlyCount "61"]
[EventDate "2011.04.28"]
[EventType "swiss"]
[EventRounds "8"]
[EventCountry "CZE"]
[SourceTitle "CBM 142 Extra"]
[Source "ChessBase"]
[SourceDate "2011.06.27"]
[SourceVersion "1"]
[SourceVersionDate "2011.06.27"]
[SourceQuality "1"]

1. e4 c5 2. Nf3 Nc6 3. d4 cxd4 4. Nxd4 Nf6 5. Nc3 e5 6. Ndb5 d6 7. Bg5 a6 8. Bxf6 gxf6 9. Na3 b5 10. Nd5 Bg7 11. c4 b4 12. Nc2 a5 13. Bd3 Be6 14. Nce3 Nd4 15. 0-0 0-0 16. f4 f5 17. exf5 Bxd5 18. Nxd5 f6 19. fxe5 dxe5 20. Be4 Rc8 21. b3 Qd6 22. Qd3 Kh8 23. Rad1 Rf7 24. Nf4 Qb6 25. Kh1 Bf8 26. Bd5 Rg7 27. Ne6 Nxe6 28. Bxe6 Rb8 29. Rd2 Bc5 30. Rfd1 Bd4 31. Qe4 1/2-1/2

[Event "Karlovy Vary op"]
[Site "Karlovy Vary"]
[Date "2011.05.02"]
[Round "6"]
[White "Klimek, Petr"]
[Black "Liska, Martin"]
[Result "1-0"]
[WhiteElo "1947"]
[BlackElo "1683"]
[PlyCount "109"]
[EventDate "2011.04.28"]
[EventType "swiss"]
[EventRounds "8"]
[EventCountry "CZE"]
[SourceTitle "CBM 142 Extra"]
[Source "ChessBase"]
[SourceDate "2011.06.27"]
[SourceVersion "1"]
[SourceVersionDate "2011.06.27"]
[SourceQuality "1"]

1. e4 e6 2. Nf3 d5 3. e5 c5 4. b4 Qb6 5. a3 a5 6. b5 Ne7 7. d4 Ng6 8. h4 h5 9. Bd3 Be7 10. c3 Nf8 11. a4 Nbd7 12. Bf4 c4 13. Bc2 Qc7 14. Bg3 b6 15. Nbd2 Qd8 16. Ng1 g6 17. Qf3 Rh7 18. Nxc4 Qc7 19. Nd2 Bb7 20. Ne2 Rc8 21. 0-0 Bb4 22. Bxg6 Nxg6 23. cxb4 Qc2 24. Rfd1 axb4 25. Qb3 Qxb3 26. Nxb3 f6 27. Nf4 Nxf4 28. Bxf4 fxe5 29. Bxe5 Nxe5 30. dxe5 Rc3 31. Nd4 Kd7 32. Rac1 Rh8 33. Rxc3 bxc3 34. Kf1 Rc8 35. Ke2 Rc4 36. Kd3 c2 37. Rc1 Rxa4 38. Rxc2 Ra3+ 39. Rc3 Ra2 40. Ke3 Ra1 41. f3 Re1+ 42. Kf4 Rd1 43. Nb3 d4 44. Rc4 d3 45. Rd4+ Bd5 46. Ke3 Ke7 47. Nd2 Re1+ 48. Kxd3 Rg1 49. g4 hxg4 50. Rxg4 Re1 51. Rg5 Ra1 52. h5 Rh1 53. Ke3 Re1+ 54. Kf4 Rd1 55. Ne4 1-0

[Event "Karlovy Vary op"]
[Site "Karlovy Vary"]
[Date "2011.04.30"]
[Round "3"]
[White "Neuman, Petr"]
[Black "Klimek, Petr"]
[Result "1-0"]
[WhiteElo "2469"]
[BlackElo "1947"]
[PlyCount "63"]
[EventDate "2011.04.28"]
[EventType "swiss"]
[EventRounds "8"]
[EventCountry "CZE"]
[SourceTitle "CBM 142 Extra"]
[Source "ChessBase"]
[SourceDate "2011.06.27"]
[SourceVersion "1"]
[SourceVersionDate "2011.06.27"]
[SourceQuality "1"]

1. d4 d5 2. c4 e6 3. Nc3 Nf6 4. cxd5 exd5 5. Bg5 c6 6. e3 Be7 7. Bd3 0-0 8. Nge2 Nbd7 9. Qc2 Re8 10. 0-0 Nf8 11. Rab1 a5 12. f3 Nh5 13. Bxe7 Qxe7 14. e4 dxe4 15. fxe4 Qg5 16. Kh1 Be6 17. Rf2 Rad8 18. Rbf1 Re7 19. e5 g6 20. Ne4 Qh6 21. Qc3 Bg4 22. Nf4 Ne6 23. Nxh5 Bxh5 24. Bc4 g5 25. Nf6+ Kg7 26. Bxe6 Rxe6 27. Qxa5 Rf8 28. Qc7 g4 29. Rf4 g3 30. Rh4 Rxf6 31. exf6+ Kh8 32. Qe5 1-0

[Event "Karlovy Vary op"]
[Site "Karlovy Vary"]
[Date "2011.04.29"]
[Round "2"]
[White "Klimek, Petr"]
[Black "Krejcik, Jiri"]
[Result "1-0"]
[WhiteElo "1947"]
[BlackElo "2091"]
[PlyCount "89"]
[EventDate "2011.04.28"]
[EventType "swiss"]
[EventRounds "8"]
[EventCountry "CZE"]
[SourceTitle "CBM 142 Extra"]
[Source "ChessBase"]
[SourceDate "2011.06.27"]
[SourceVersion "1"]
[SourceVersionDate "2011.06.27"]
[SourceQuality "1"]

1. e4 e5 2. Nc3 Nf6 3. Bc4 Nc6 4. d3 Bb4 5. Bd2 Na5 6. Nge2 Nxc4 7. dxc4 d6 8. 0-0 Ng4 9. h3 h5 10. Nd5 Bxd2 11. Qxd2 Nh6 12. Rad1 g5 13. c5 g4 14. cxd6 cxd6 15. Ne3 gxh3 16. Qxd6 Qxd6 17. Rxd6 hxg2 18. Kxg2 Ke7 19. Rfd1 Be6 20. f4 Ng4 21. Kf3 Rad8 22. Rxd8 Rxd8 23. Rxd8 Kxd8 24. f5 Bxa2 25. Nxg4 hxg4+ 26. Kxg4 Bb1 27. f6 Bxc2 28. Kf5 b5 29. Kxe5 a5 30. Nd4 Bd3 31. Nc6+ Kc7 32. Nxa5 Kb6 33. b4 Bc2 34. Kd4 Kc7 35. e5 Kd7 36. Nb7 Ke6 37. Nd8+ Kd7 38. Nxf7 Bd1 39. Ng5 Bb3 40. e6+ Kd6 41. f7 Ke7 42. Ke5 Bc2 43. Ne4 Bb3 44. Nc5 Bc4 45. Nd7 1-0

[Event "CZE-chT2B 1011"]
[Site "Czech Republic"]
[Date "2011.03.27"]
[Round "10.8"]
[White "Sura, Jaroslav"]
[Black "Klimek, Petr"]
[Result "1-0"]
[WhiteElo "2179"]
[BlackElo "1980"]
[PlyCount "173"]
[EventDate "2010.10.17"]
[EventType "team-tourn"]
[EventRounds "11"]
[EventCountry "CZE"]
[SourceTitle "EXT 2012"]
[Source "ChessBase"]
[SourceDate "2011.11.24"]
[SourceVersion "1"]
[SourceVersionDate "2011.11.24"]
[SourceQuality "1"]
[WhiteTeam "Postovni sporitelna II"]
[BlackTeam "Sokolov"]
[WhiteTeamCountry "CZE"]
[BlackTeamCountry "CZE"]

1. e4 e5 2. Nf3 Nc6 3. Bc4 Bc5 4. c3 Nf6 5. d3 d6 6. b4 Bb6 7. a4 a6 8. 0-0 h6 9. Be3 Bxe3 10. fxe3 Be6 11. Bxe6 fxe6 12. Qb3 Qd7 13. Nbd2 0-0 14. c4 a5 15. b5 Nb4 16. d4 exd4 17. exd4 d5 18. Ne5 Qe8 19. exd5 exd5 20. cxd5 Nfxd5 21. Rxf8+ Qxf8 22. Rf1 Qd6 23. Ne4 Qe7 24. Nc3 Rd8 25. Qc4 Kh7 26. Nxd5 Nxd5 27. Qd3+ Kg8 28. Rf7 Qxf7 29. Nxf7 Kxf7 30. Qf5+ Nf6 31. Qc5 Nd5 32. Qc4 b6 33. Kf2 Rd6 34. g4 Ke7 35. Kf3 Kd7 36. h4 g6 37. Kg3 Kc8 38. Qc1 h5 39. gxh5 gxh5 40. Qg5 Nf6 41. Qf5+ Kb7 42. Qe5 Kb8 43. Kf4 Kb7 44. Kg5 Nd7 45. Qe4+ Kb8 46. Qe8+ Kb7 47. Qe4+ Kb8 48. Qe8+ Kb7 49. Qh8 Rd5+ 50. Kg6 c6 51. bxc6+ Kxc6 52. Qc8+ Kd6 53. Qc4 Nf8+ 54. Kf7 Ne6 55. Qb3 Nxd4 56. Qxb6+ Nc6 57. Kg6 Re5 58. Qb2 Ne7+ 59. Kf7 Nc6 60. Qd2+ Rd5 61. Qe3 Ne5+ 62. Kg7 Nc6 63. Kf6 Nd4 64. Qe7+ Kc6 65. Qe8+ Kd6 66. Qb8+ Kc6 67. Qa8+ Kd6 68. Qb8+ Kc6 69. Ke7 Rd7+ 70. Ke8 Rd5 71. Qa8+ Kd6 72. Qd8+ Kc6 73. Qf6+ Rd6 74. Qf1 Kc5 75. Qc1+ Kb4 76. Qg5 Kxa4 77. Qxh5 Kb4 78. Qd1 a4 79. h5 Nb5 80. Qb1+ Ka5 81. Qe1+ Ka6 82. Qc1 a3 83. h6 Ka5 84. h7 Rb6 85. Qd2+ Ka4 86. Qf4+ Kb3 87. Qe3+ 1-0

[Event "Prague op-B 10th"]
[Site "Prague"]
[Date "2011.01.09"]
[Round "3"]
[White "Randliszek, Pavel"]
[Black "Klimek, Petr"]
[Result "1/2-1/2"]
[WhiteElo "1761"]
[BlackElo "1980"]
[PlyCount "80"]
[EventDate "2011.01.07"]
[EventType "swiss"]
[EventRounds "9"]
[EventCountry "CZE"]
[SourceTitle "CBM 140 Extra"]
[Source "ChessBase"]
[SourceDate "2011.03.01"]
[SourceVersion "1"]
[SourceVersionDate "2011.03.01"]
[SourceQuality "1"]

1. e4 g6 2. Bc4 Bg7 3. Nc3 d6 4. d4 Nf6 5. Nf3 0-0 6. Be3 c6 7. 0-0 b5 8. Bd3 Nbd7 9. h3 Bb7 10. Qd2 b4 11. Ne2 c5 12. Ng3 Qc7 13. c3 bxc3 14. Qxc3 Rfc8 15. Rac1 c4 16. Bb1 e5 17. d5 Nc5 18. Bh6 Bh8 19. Ng5 Ne8 20. f4 f6 21. Nf3 Qb6 22. Kh1 a5 23. fxe5 dxe5 24. Nxe5 Bg7 25. Nxc4 Qc7 26. Bxg7 Kxg7 27. d6 Qc6 28. Qd4 Ne6 29. Qb6 Ba6 30. Qxc6 Rxc6 31. Nxa5 Rxd6 32. Rfd1 Rad8 33. Bc2 Nc5 34. Rxd6 Rxd6 35. Rd1 Nd3 36. Bxd3 Rxd3 37. Rxd3 Bxd3 38. Nb3 h5 39. Nc5 Bc4 40. b4 Bxa2 1/2-1/2